| 000 | 00749nam a22002171i 4500 | ||
|---|---|---|---|
| 001 | 000030416 | ||
| 003 | RuMoIPM | ||
| 005 | 20260427104836.0 | ||
| 008 | 110829s1977----ur | c rus | ||
| 040 |
_aRuMoIPM _brus _ercr |
||
| 041 | 0 | _arus | |
| 080 | _a164 | ||
| 080 | _a165 | ||
| 245 | 1 |
_aМетоды логического анализа _b[Сборник статей] _cАН СССР, Ин-т философии ; [Отв. ред. П. В. Таванец] |
|
| 260 |
_aМосква _bНаука _c1977 |
||
| 300 | _a263 с. | ||
| 504 | _aБиблиогр. в конце ст. | ||
| 700 | 1 | _aТаванец, Петр Васильевич | |
| 710 | 2 |
_aАкадемия наук СССР _bИнститут философии |
|
| 942 | _cBK | ||
| 999 |
_c30416 _d30416 |
||